|
|
|
|
| LEADER |
00000nab a2200000 a 4500 |
| 001 |
vtls000072104 |
| 003 |
SK-MaSNL |
| 005 |
20260304013639.0 |
| 008 |
240424c1980 xo 0 slo |
| 015 |
|
|
|a SNBRB19rr/mm-uuuuu
|
| 035 |
|
|
|a CL0082205
|
| 040 |
|
|
|a SNKBUCL
|b slo
|c SNKBUCL
|e AACR2
|
| 041 |
0 |
|
|a slo
|
| 044 |
|
|
|a xo
|c SK
|
| 080 |
|
|
|a 82.09:885.4-1(048)
|2 1981
|
| 080 |
|
|
|a 885.4-1(048)
|2 1981
|
| 100 |
1 |
|
|a Okáli, Daniel,
|d 1903-1987
|4 aut
|9 103257
|
| 245 |
1 |
0 |
|a Pri nástupe.../inc./
|c Daniel Okáli
|
| 500 |
|
|
|a Pod spoločným názvom Poézia na mincieri.
|
| 650 |
0 |
7 |
|a lyrická poézia
|2 snkbucl
|9 1282
|
| 650 |
0 |
7 |
|a slovenská poézia
|2 snkbucl
|9 215422
|
| 655 |
|
7 |
|a recenzie
|2 snkbucl
|9 21907
|
| 655 |
|
7 |
|a články z novín a časopisov
|2 snkbucl
|9 267496
|
| 773 |
0 |
|
|t Pravda
|g Roč. 61, č. 257 (30. 10. 1980), s. 5
|
| 787 |
0 |
8 |
|i Rec.:
|a Srnková, Mila
|t Hrdzavá hlina
|d Bratislava : Slovenský spisovateľ, 1980
|
| 850 |
|
|
|a Slovenská národná knižnica
|
| 852 |
|
|
|a Slovenská národná knižnica
|
| 958 |
|
|
|a LX
|
| 958 |
|
|
|a RK
|
| 992 |
|
|
|a RBX
|
| 999 |
|
|
|c 2577069
|d 2578999
|